Statistiques concernant Capitales des pays de l'Asie

Cliquez ici pour prendre le quiz!

Statistiques générales

  • Ce quiz a été pris 302 fois
  • Le résultat moyen est 32 sur 48

Statistiques - réponses

PaysRéponse% Correct
ChinePékin
94%
JaponTokyo
94%
IndeNew Delhi
92%
Corée du SudSéoul
90%
IsraelJérusalem
86%
AfghanistanKaboul
86%
SingapourSingapour
86%
KoweitKoweit
82%
IndonésieJakarta
81%
LibanBeyrouth
79%
ChypreNicosie
79%
Corée du NordPyongyang
79%
Arabie SaouditeRiyad
79%
TurquieAnkara
78%
IrakBagdad
77%
ThailandeBangkok
76%
MongolieOulan-Bator
76%
Emirats arabes unisAbou Dabi
75%
QatarDoha
75%
SyrieDamas
74%
IranTéhéran
74%
ArménieErevan
71%
PakistanIslamabad
71%
PhilippinesManille
71%
Viet NamHanoi
69%
MalaisieKuala Lumpur
69%
AzerbaidjanBakou
68%
BangladeshDacca
66%
CambodgePhnom Penh
65%
GéorgieTbilissi
64%
TaiwanTaipei
63%
NépalKatmandou
62%
JordanieAmman
61%
MaldivesMalé
61%
LaosVientiane
60%
YemenSanaa
56%
OmanMascate
51%
BahreinManama
49%
KazakhstanAstana
48%
Timor orientalDili
46%
OuzbékistanTachkent
46%
KirghizistanBichkek
45%
BirmanieNaypyidaw
41%
BhoutanThimphou
41%
TurkménistanAchgabat
38%
TadjikistanDouchanbé
38%
BruneiBandar Seri Begawan
35%
Sri LankaSri Jayawardenapura Kotte
18%

Distribution des résultats

Percentile par nombre de réponses

% des personnes avec chaque résultat

Votre développement - résultats

Vous n’avez pas pris ce quiz